Most populous boroughs in London Quiz Stats

Quiz not verified by Sporcle

Challenge
Share
Tweet
Embed
Score 0/30 Timer 06:00
0 Plays Today
Population % Correct
341,800Croydon
78.9%
235,700Camden
74.9%
190,900Islington
73.5%
270,600Brent
71%
302,600Bromley
69.6%
220,500Tower Hamlets
69.6%
278,000Southwark
67.3%
274,500Lambeth
67.3%
212,200Hackney
66.5%
180,300Kensington and Chelsea
66.3%
331,500Barnet
65.5%
222,900Greenwich
63.2%
172,200Hammersmith and Fulham
62.8%
287,600Enfield
62.2%
261,600Lewisham
62.2%
Population % Correct
222,600Hounslow
61.6%
253,200Hillingdon
60.4%
216,200Harrow
58.9%
201,400Merton
58.7%
187,600Sutton
57.7%
223,200Bexley
56.3%
168,900Barking and Dagenham
55.9%
257,600Redbridge
54.2%
284,000Wandsworth
53.8%
230,100Havering
53%
180,100Richmond-upon-Thames
51.5%
160,100Kingston-upon-Thames
51.1%
236,000Westminister
6%
249,500Newnham
4.9%
226,200Haringley
2.5%

You're not logged in!

Compare scores with friends on all Sporcle quizzes.
Sign Up with Email
OR
Log In

You Might Also Like...

Show Comments

Extras

Top Quizzes Today


Score Distribution

Your Account Isn't Verified!

In order to create a playlist on Sporcle, you need to verify the email address you used during registration. Go to your Sporcle Settings to finish the process.

Report this User

Report this user for behavior that violates our Community Guidelines.

Details: